Former Spanish Colonies in Order of Independence - Statistics

General Stats
  • This quiz has been taken 39 times
  • The average score is 14 of 24
Answer Stats
Hint Answer % Correct
September 28, 1821 Mexico
78%
December 1, 1640 Portugal
78%
January 30, 1648 Netherlands
72%
June 12, 1898 Philippines
72%
October 10, 1898 Cuba
69%
October 12, 1968 Equatorial Guinea
66%
July 9, 1816 Argentina
59%
July 28, 1821 Peru
59%
December 17, 1819 Colombia
56%
March 7, 1714 Belgium
53%
February 12, 1818 Chile
53%
September 15, 1821 El Salvador
53%
May 14, 1811 Paraguay
53%
May 18, 1811 Venezuela
53%
July 15, 1865 Dominican Republic
50%
September 15, 1821 Guatemala
50%
September 15, 1821 Honduras
50%
March 7, 1714 Luxembourg
50%
September 15, 1821 Nicaragua
50%
July 5, 1811 Uruguay
50%
August 6, 1825 Bolivia
47%
May 14, 1822 Ecuador
44%
November 28, 1821 Panama
44%
September 15, 1821 Costa Rica
41%
No matching quizzes found
Score Distribution
Percent of People with Each Score
Percentile by Number Answered
Your Score History
You have not taken this quiz